|
|
|
|
| LEADER |
00000cam a2200000 c 4500 |
| 001 |
246911565 |
| 003 |
DE-627 |
| 005 |
20260206194156.0 |
| 007 |
tu |
| 008 |
980727s1998 gw ||||| 00| ||ger c |
| 015 |
|
|
|a 98,N32,0266
|2 dnb
|
| 015 |
|
|
|a 00,A07,0637
|2 dnb
|
| 016 |
7 |
|
|a 954099311
|2 DE-101
|
| 020 |
|
|
|a 3778536001
|c brosch. : DM 24.80, sfr 23.00, S 181.00
|9 3-7785-3600-1
|
| 035 |
|
|
|a (DE-627)246911565
|
| 035 |
|
|
|a (DE-603)059183160
|
| 035 |
|
|
|a (DE-576)067904262
|
| 035 |
|
|
|a (DE-599)GBV246911565
|
| 035 |
|
|
|a (OCoLC)75872698
|
| 035 |
|
|
|a (OCoLC)75872698
|
| 040 |
|
|
|a DE-627
|b ger
|c DE-627
|e rakwb
|
| 041 |
|
|
|a ger
|
| 044 |
|
|
|c XA-DE
|
| 082 |
0 |
4 |
|a 19
|q dnb
|
| 084 |
|
|
|a R 492,9
|2 sfb
|
| 084 |
|
|
|a R 497
|2 sfb
|
| 084 |
|
|
|a R 522,6
|2 sfb
|
| 084 |
|
|
|a R 522,9
|2 sfb
|
| 084 |
|
|
|a S 150
|2 sfb
|
| 084 |
|
|
|a 19
|2 sdnb
|
| 084 |
|
|
|a PH 8920
|2 rvk
|0 (DE-625)rvk/136526:
|
| 084 |
|
|
|a CV 8000
|2 rvk
|0 (DE-625)rvk/19169:
|
| 084 |
|
|
|a 77.69
|2 bkl
|
| 084 |
|
|
|a 86.34
|2 bkl
|
| 084 |
|
|
|a 86.35
|2 bkl
|
| 245 |
0 |
0 |
|a Alle gaffen ... keiner hilft
|b unterlassene Hilfeleistung bei Unfällen und Straftaten
|c von Hans-Dieter Schwind ...
|
| 264 |
|
1 |
|a Heidelberg
|b Hüthig
|c 1998
|
| 300 |
|
|
|a 216 S
|b Ill., graph. Darst., Kt
|c 19 cm
|
| 336 |
|
|
|a Text
|b txt
|2 rdacontent
|
| 337 |
|
|
|a ohne Hilfsmittel zu benutzen
|b n
|2 rdamedia
|
| 338 |
|
|
|a Band
|b nc
|2 rdacarrier
|
| 490 |
0 |
|
|a Heidelberger Wegweiser
|
| 505 |
8 |
|
|a Literaturverz. S. 209 - 216
|
| 505 |
8 |
|
|a Literaturverz. S. 209 - 216
|
| 505 |
8 |
|
|a Literaturverz. S. 209 - 216
|
| 583 |
1 |
|
|a Archivierung/Langzeitarchivierung gewährleistet
|f PEBW
|x XA-DE-BW
|2 pdager
|5 DE-31
|
| 650 |
|
4 |
|a Zivilcourage
|
| 650 |
|
4 |
|a Unterlassene Hilfeleistung
|
| 650 |
|
4 |
|a Hilfeleistung, Invalidenversicherung, Helfen, Not
|
| 689 |
0 |
0 |
|d s
|0 (DE-588)4187015-3
|0 (DE-627)105275336
|0 (DE-576)210043113
|a Unterlassene Hilfeleistung
|2 gnd
|
| 689 |
0 |
|
|5 DE-101
|
| 689 |
1 |
0 |
|d s
|0 (DE-588)4187015-3
|0 (DE-627)105275336
|0 (DE-576)210043113
|a Unterlassene Hilfeleistung
|2 gnd
|
| 689 |
1 |
|
|5 (DE-627)
|
| 700 |
1 |
|
|a Schwind, Hans-Dieter
|d 1936-2025
|0 (DE-588)115566481
|0 (DE-627)077333578
|0 (DE-576)163016194
|4 oth
|
| 856 |
4 |
2 |
|u http://d-nb.info/954099311/04
|m V:DE-603
|q application/pdf
|v 20130501
|x Verlag
|3 Inhaltsverzeichnis
|7 1
|
| 856 |
4 |
2 |
|u http://scans.hebis.de/HEBCGI/show.pl?05918316_toc.pdf
|m V:DE-603;B:DE-17
|q application/pdf
|3 Inhaltsverzeichnis
|7 1
|
| 935 |
|
|
|i Blocktest
|
| 935 |
|
|
|h HEB
|i 0501
|
| 935 |
|
|
|h HEB
|i 0503
|
| 936 |
r |
v |
|a PH 8920
|b Verkehrskriminalität
|k Rechtswissenschaft
|k Strafrecht, Strafverfahrensrecht, Kriminologie
|k Kriminologie
|k Einzelne Deliktsgruppen
|k Weitere Deliktsgruppen
|k Verkehrskriminalität
|0 (DE-627)1272237958
|0 (DE-625)rvk/136526:
|0 (DE-576)202237958
|
| 936 |
r |
v |
|a CV 8000
|b Spezielle Probleme der Sozialpsychologie (Hochschule, Familie usw.)
|k Psychologie
|k Sozialpsychologie
|k Spezielle Probleme der Sozialpsychologie (Hochschule, Familie usw.)
|0 (DE-627)1270883720
|0 (DE-625)rvk/19169:
|0 (DE-576)200883720
|
| 936 |
b |
k |
|a 77.69
|j Sozialpsychologie: Sonstiges
|0 (DE-627)106413120
|
| 936 |
b |
k |
|a 86.34
|j Strafrecht: Allgemeiner Teil
|0 (DE-627)10641674X
|
| 936 |
b |
k |
|a 86.35
|j Strafrecht: Besonderer Teil
|0 (DE-627)106416731
|
| 936 |
s |
n |
|a c200
|2 mzub
|
| 936 |
s |
n |
|a p100
|2 mzub
|
| 951 |
|
|
|a BO
|
| ELC |
|
|
|b 1
|
| LOK |
|
|
|0 000 xxxxxcx a22 zn 4500
|
| LOK |
|
|
|0 001 3263466690
|
| LOK |
|
|
|0 003 DE-627
|
| LOK |
|
|
|0 004 246911565
|
| LOK |
|
|
|0 005 20250515145844
|
| LOK |
|
|
|0 008 990609||||||||||||||||ger|||||||
|
| LOK |
|
|
|0 040
|a DE-21-110
|c DE-627
|d DE-21-110
|
| LOK |
|
|
|0 852
|a DE-21-110
|
| LOK |
|
|
|0 852 1
|c C XIX 15
|m p
|9 00
|
| LOK |
|
|
|0 935
|a k110
|
| LOK |
|
|
|0 936ln
|a 8.9.3
|
| LOK |
|
|
|0 938
|k p
|
| LOK |
|
|
|0 939
|a 09-06-99
|b l01
|
| ORI |
|
|
|a SA-MARC-krimdoka001.raw
|
| SIG |
|
|
|a IFK: C XIX 15
|